Palladium-catalyzed dimerization of bis(2-biphenylyl)acetylene toward sterically hindered acephenanthrylene

Palladium-Catalyzed Dimerization of Bis(2-biphenylyl)acetylene toward Sterically Hindered Acephenanthrylene

Saved in:
Bibliographic Details
Main Authors: Ackermann, Maximilian (Author) , Freudenberg, Jan (Author) , Jänsch, Daniel (Author) , Rominger, Frank (Author) , Bunz, Uwe H. F. (Author) , Müllen, Klaus (Author)
Format: Article (Journal)
Language:English
Published: June 15, 2018
In: Organic letters
Year: 2018, Volume: 20, Issue: 13, Pages: 3758-3761
ISSN:1523-7052
DOI:10.1021/acs.orglett.8b01334
Online Access:Verlag, Volltext: https://doi.org/10.1021/acs.orglett.8b01334
Verlag, Volltext: https://pubs.acs.org/doi/full/10.1021/acs.orglett.8b01334
Get full text
Author Notes:Maximilian Ackermann, Jan Freudenberg, Daniel Jänsch, Frank Rominger, Uwe H.F. Bunz, and Klaus Müllen

MARC

LEADER 00000caa a2200000 c 4500
001 166350508X
003 DE-627
005 20220816140639.0
007 cr uuu---uuuuu
008 190423s2018 xx |||||o 00| ||eng c
024 7 |a 10.1021/acs.orglett.8b01334  |2 doi 
035 |a (DE-627)166350508X 
035 |a (DE-599)KXP166350508X 
035 |a (OCoLC)1341210198 
040 |a DE-627  |b ger  |c DE-627  |e rda 
041 |a eng 
084 |a 30  |2 sdnb 
100 1 |a Ackermann, Maximilian  |d 1983-  |e VerfasserIn  |0 (DE-588)1013120841  |0 (DE-627)663353661  |0 (DE-576)346554063  |4 aut 
245 1 0 |a Palladium-catalyzed dimerization of bis(2-biphenylyl)acetylene toward sterically hindered acephenanthrylene  |c Maximilian Ackermann, Jan Freudenberg, Daniel Jänsch, Frank Rominger, Uwe H.F. Bunz, and Klaus Müllen 
264 1 |c June 15, 2018 
300 |a 4 
336 |a Text  |b txt  |2 rdacontent 
337 |a Computermedien  |b c  |2 rdamedia 
338 |a Online-Ressource  |b cr  |2 rdacarrier 
500 |a Gesehen am 08.05.2019 
520 |a Palladium-Catalyzed Dimerization of Bis(2-biphenylyl)acetylene toward Sterically Hindered Acephenanthrylene 
700 1 |a Freudenberg, Jan  |d 1988-  |e VerfasserIn  |0 (DE-588)1093219564  |0 (DE-627)853188386  |0 (DE-576)462642615  |4 aut 
700 1 |a Jänsch, Daniel  |e VerfasserIn  |0 (DE-588)1157022383  |0 (DE-627)1020019018  |0 (DE-576)50257531X  |4 aut 
700 1 |a Rominger, Frank  |d 1964-  |e VerfasserIn  |0 (DE-588)1019978228  |0 (DE-627)691067821  |0 (DE-576)359202756  |4 aut 
700 1 |a Bunz, Uwe H. F.  |d 1963-  |e VerfasserIn  |0 (DE-588)1080488456  |0 (DE-627)844723223  |0 (DE-576)181112833  |4 aut 
700 1 |a Müllen, Klaus  |d 1947-  |e VerfasserIn  |0 (DE-588)130673617  |0 (DE-627)505578026  |0 (DE-576)263018687  |4 aut 
773 0 8 |i Enthalten in  |t Organic letters  |d Washington, DC : ACS, 1999  |g 20(2018), 13, Seite 3758-3761  |h Online-Ressource  |w (DE-627)306717662  |w (DE-600)1501522-1  |w (DE-576)082438013  |x 1523-7052  |7 nnas  |a Palladium-catalyzed dimerization of bis(2-biphenylyl)acetylene toward sterically hindered acephenanthrylene 
773 1 8 |g volume:20  |g year:2018  |g number:13  |g pages:3758-3761  |g extent:4  |a Palladium-catalyzed dimerization of bis(2-biphenylyl)acetylene toward sterically hindered acephenanthrylene 
856 4 0 |u https://doi.org/10.1021/acs.orglett.8b01334  |x Verlag  |x Resolving-System  |3 Volltext 
856 4 0 |u https://pubs.acs.org/doi/full/10.1021/acs.orglett.8b01334  |x Verlag  |3 Volltext 
951 |a AR 
992 |a 20190423 
993 |a Article 
994 |a 2018 
998 |g 130673617  |a Müllen, Klaus  |m 130673617:Müllen, Klaus  |d 120000  |e 120000PM130673617  |k 0/120000/  |p 6  |y j 
998 |g 1080488456  |a Bunz, Uwe H. F.  |m 1080488456:Bunz, Uwe H. F.  |d 120000  |d 120100  |e 120000PB1080488456  |e 120100PB1080488456  |k 0/120000/  |k 1/120000/120100/  |p 5 
998 |g 1019978228  |a Rominger, Frank  |m 1019978228:Rominger, Frank  |d 120000  |d 120100  |e 120000PR1019978228  |e 120100PR1019978228  |k 0/120000/  |k 1/120000/120100/  |p 4 
998 |g 1157022383  |a Jänsch, Daniel  |m 1157022383:Jänsch, Daniel  |d 120000  |d 120100  |e 120000PJ1157022383  |e 120100PJ1157022383  |k 0/120000/  |k 1/120000/120100/  |p 3 
998 |g 1093219564  |a Freudenberg, Jan  |m 1093219564:Freudenberg, Jan  |d 120000  |d 120100  |e 120000PF1093219564  |e 120100PF1093219564  |k 0/120000/  |k 1/120000/120100/  |p 2 
998 |g 1013120841  |a Ackermann, Maximilian  |m 1013120841:Ackermann, Maximilian  |d 120000  |d 120100  |e 120000PA1013120841  |e 120100PA1013120841  |k 0/120000/  |k 1/120000/120100/  |p 1  |x j 
999 |a KXP-PPN166350508X  |e 3453013921 
BIB |a Y 
SER |a journal 
JSO |a {"physDesc":[{"extent":"4 S."}],"name":{"displayForm":["Maximilian Ackermann, Jan Freudenberg, Daniel Jänsch, Frank Rominger, Uwe H.F. Bunz, and Klaus Müllen"]},"language":["eng"],"person":[{"given":"Maximilian","role":"aut","display":"Ackermann, Maximilian","family":"Ackermann"},{"given":"Jan","display":"Freudenberg, Jan","role":"aut","family":"Freudenberg"},{"given":"Daniel","role":"aut","display":"Jänsch, Daniel","family":"Jänsch"},{"display":"Rominger, Frank","role":"aut","given":"Frank","family":"Rominger"},{"family":"Bunz","given":"Uwe H. F.","role":"aut","display":"Bunz, Uwe H. F."},{"family":"Müllen","given":"Klaus","role":"aut","display":"Müllen, Klaus"}],"type":{"media":"Online-Ressource","bibl":"article-journal"},"relHost":[{"language":["eng"],"disp":"Palladium-catalyzed dimerization of bis(2-biphenylyl)acetylene toward sterically hindered acephenanthryleneOrganic letters","title":[{"title":"Organic letters","title_sort":"Organic letters"}],"part":{"issue":"13","year":"2018","pages":"3758-3761","volume":"20","extent":"4","text":"20(2018), 13, Seite 3758-3761"},"recId":"306717662","type":{"bibl":"periodical","media":"Online-Ressource"},"name":{"displayForm":["American Chemical Society"]},"physDesc":[{"extent":"Online-Ressource"}],"id":{"zdb":["1501522-1"],"issn":["1523-7052"],"eki":["306717662"]},"note":["Gesehen am 25.08.2020"],"pubHistory":["1.1999 -"],"origin":[{"publisher":"ACS","dateIssuedKey":"1999","dateIssuedDisp":"1999-","publisherPlace":"Washington, DC"}]}],"origin":[{"dateIssuedDisp":"June 15, 2018","dateIssuedKey":"2018"}],"recId":"166350508X","title":[{"title_sort":"Palladium-catalyzed dimerization of bis(2-biphenylyl)acetylene toward sterically hindered acephenanthrylene","title":"Palladium-catalyzed dimerization of bis(2-biphenylyl)acetylene toward sterically hindered acephenanthrylene"}],"note":["Gesehen am 08.05.2019"],"id":{"eki":["166350508X"],"doi":["10.1021/acs.orglett.8b01334"]}} 
SRT |a ACKERMANNMPALLADIUMC1520